000 00258nam a2200097Ia 4500
001 1207868
005 20250827022834.0
008 250824s9999 xx 000 0 und d
245 0 _aTEŞKİLATI MAHSUSA OPERASYON
_cMEHMET IŞIK
260 _bYEDİVEREN YAYINLARI
999 _c1207868
_d1207868